Science Quiz

Random Science Quiz

'A' Elements Quiz Stats

 Plays Quiz not verified by Sporcle

Score 0/7 Timer 01:00
0 Plays Today
Atomic Number Element % Correct
13Aluminum
88.9%
15Argon
86.7%
33Arsenic
75.6%
85Astatine
71.1%
51Antimony
66.7%
89Actinium
64.4%
95Americium
62.2%

You're not logged in!

Compare scores with friends on all Sporcle quizzes.
OR
Log In

Sporcle TV

Today on Sporcle TV


Watch our educational content, quiz creation guides, and fun videos on Sporcle TV.

Show Comments

Extras

Created Aug 23, 2015ReportNominate
Tags:atomic, Table

Top Quizzes Today


Score Distribution

Your Account Isn't Verified!

In order to create a playlist on Sporcle, you need to verify the email address you used during registration. Go to your Sporcle Settings to finish the process.

Report this User

Report this user for behavior that violates our Community Guidelines.

Details: